Welcome to CU Library Online Public Access Catalogue (OPAC)

THE PREACHER'S PORTRAIT (Record no. 6406)

MARC details
000 -LEADER
fixed length control field 00378nam a22001457a 4500
005 - DATE AND TIME OF LATEST TRANSACTION
control field 20250611085243.0
008 - FIXED-LENGTH DATA ELEMENTS--GENERAL INFORMATION
fixed length control field 250611b |||||||| |||| 00| 0 eng d
020 ## - INTERNATIONAL STANDARD BOOK NUMBER
International Standard Book Number 0802811914
050 ## - LIBRARY OF CONGRESS CALL NUMBER
Classification number BS525
Item number STO
100 ## - MAIN ENTRY--PERSONAL NAME
Personal name STOTT, R.W. JOHN
245 ## - TITLE STATEMENT
Title THE PREACHER'S PORTRAIT
260 ## - PUBLICATION, DISTRIBUTION, ETC.
Place of publication, distribution, etc. MICHIGAN
Name of publisher, distributor, etc. WM. B. EERDMANS PUBLISHING COMPANY
Date of publication, distribution, etc. 1961
300 ## - PHYSICAL DESCRIPTION
Extent 124p
942 ## - ADDED ENTRY ELEMENTS (KOHA)
Source of classification or shelving scheme Library of Congress Classification
Koha item type Books
Suppress in OPAC No
999 ## -
-- 6406
-- 6406
Holdings
Withdrawn status Lost status Source of classification or shelving scheme Damaged status Not for loan Collection Home library Current library Shelving location Date acquired Total checkouts Full call number Barcode Date last seen Copy number Price effective from Koha item type
    Library of Congress Classification     Non-fiction Undergraduate Library (Christ Temple) Undergraduate Library (Christ Temple) General stacks 06/11/2025   BS525 STO ulct00003193 06/11/2025 1 06/02/2025 Books
© 2023-2024 Copyright: Central University Libraries. All Rights Reserved | Created by: Mahone Tech Office